00285nam a22001097a 4500008004100000020001500041082001500056100001800071245004900089260002900138300000800167230704b xxu||||| |||| 00| 0 eng d a1589063769 a339.5bBAY cTamim Bayoumi aGEM A New International macroeconomics Model aWashington DCbIMFc2004 a29p